| 000 | 00517nam a2200193Ia 4500 | ||
|---|---|---|---|
| 003 | GCL | ||
| 008 | 140319s9999 xx 000 0 eng d | ||
| 040 |
_aGCL / _cGCL |
||
| 082 | 0 | 4 |
_a731.2 _bZ M |
| 100 | 1 | _aZIEGLER, KATHLEEN | |
| 245 | 1 | 0 |
_aMORE PAPERSCULPTURE: A STEP - BY - STEP GUIDE / _cZIEGLER, KATHLEEN |
| 700 | 1 | _aGRECO, NICK | |
| 260 |
_a[S.N] : _bDIMENSIONAL ILLUSTRATORS ، _c1997 |
||
| 300 | _a156 P | ||
| 650 | 0 | 4 | _aحسن فتحى |
| 650 | 0 | 4 | _aARTS |
| 650 | 0 | 4 | _aPAPER SCULPTURE |
| 942 |
_2ddc _cBK |
||
| 999 |
_c15719 _d15719 |
||